000 00418nam a2200181Ia 4500
005 20250423100118.0
008 250422s9999 xx 000 0 und d
020 _a9781849202923
050 _aP 90 .M37/
100 _aMcQuail, Denis
245 0 _aMass communication theory
260 _aLondon
260 _bSAGE Publication Ltd.
260 _c2010
300 _a621 p
650 _aMass media.
942 _cBK
999 _c32322
_d32322